| 000 | 00000nam##2200000za#4500 |
| 001 | 9.646930 |
| 003 | CaOODSP |
| 005 | 20200401074832 |
| 007 | ta |
| 008 | 150407|1998||||xxc||||| f|0| 0 eng|d |
| 020 | |a0-662-26767-2 |
| 040 | |aCaOODSP|beng |
| 043 | |an-cn--- |
| 086 | 1 |aSW21-32/1998E |
| 110 | 1 |aCanada. |bStatus of Women Canada. |
| 245 | 10|aWomen and the equality deficit : |bthe impact of restructuring Canada's social programs / |cby Shelagh Day and Gwen Brodsky. |
| 260 | |aOttawa - Ontario : |bStatus of Women Canada |c1998. |
| 300 | |a166, 26, 37p. : |breferences ; |c28 cm. |
| 500 | |aContents: Chapter one: From CAP to the CHST: The losses: The larger frame; National social programs and fiscal federalism; the impact of the Budget Implementation Act.--Chapter two: Women's equality: the Normative commitment: International human rights commitments; Domestic human rights commitments.--Chapter three: The Arguments of the opposition: Overview of the cases; Pushing the social and economic dimensions of inequality outside the equality frame; Breaking the linkage between inequality and equality rights.--Resisting the disconnection of equality rights from de facto social and economic inequality.--Chapter four: the BIA, Canada's treaty obligations, and the Charter's equality rights guarantees: The implications of treaty commitments; Canada's compliance with international commitments; Interpreting Section 15 of the Charter; The BIA violates women's equality rights under the Charter.--Chapter four: New directions: Courts and equality rights; International instruments and fora; A post-Beijing Commission on Women's Equality; The future of social programs and "national" standards. |
| 563 | |aSoftcover |
| 590 | |a98-26|b1998-06-26 |
| 690 | 07|aWomen|2gcpds |
| 690 | 07|aEqual opportunities|2gcpds |
| 690 | 07|aGender equality|2gcpds |
| 690 | 07|aSocial programs|2gcpds |
| 720 | 1 |aBrodsky, Gwen |
| 720 | 1 |aDay, Shelagh |
| 775 | 08|tLes femmes et le déficit en matière d'égalité : |w(CaOODSP)9.680420 |
| 776 | 0#|tWomen and the equality deficit : |w(CaOODSP)9.688512 |